Více peněz v ekonomice nezajistí zaměstnanost
Objasnenie vzťahu krátkodobého a dlhodobého pôsobenia hospodárskej politiky, spôsob fungovania makroekonomiky. Američan Edmund Phelps - nositeľ Nobelovej ceny za ekonómiu pre rok 2006, jeho stručný životopis, charakteristika a výsledky jeho práce. Vzťah inflácie a nezamestnanosti, Phelpsova teória....
Gespeichert in:
| Format: | Buchkapitel |
|---|---|
| Sprache: | Tschechisch |
| Schlagworte: | |
| Tags: |
Keine Tags, Fügen Sie das erste Tag hinzu!
|
MARC
| LEADER | 00000naa$a2200000$$$4500 | ||
|---|---|---|---|
| 001 | 0049853 | ||
| 005 | 20231010090005.9 | ||
| 041 | 0 | |a cze | |
| 044 | |a CZ | ||
| 245 | 1 | 0 | |a Více peněz v ekonomice nezajistí zaměstnanost |
| 520 | |a Objasnenie vzťahu krátkodobého a dlhodobého pôsobenia hospodárskej politiky, spôsob fungovania makroekonomiky. Američan Edmund Phelps - nositeľ Nobelovej ceny za ekonómiu pre rok 2006, jeho stručný životopis, charakteristika a výsledky jeho práce. Vzťah inflácie a nezamestnanosti, Phelpsova teória. Zlaté pravidlo tvorby kapitálu. | ||
| 610 | 2 | 0 | |a Phelps, E. |
| 610 | 2 | 0 | |a 2006 |
| 610 | 2 | 0 | |a politika menová |
| 610 | 2 | 0 | |a úspory |
| 610 | 2 | 0 | |a makroekonomika |
| 610 | 2 | 0 | |a tvorba kapitálu |
| 610 | 2 | 0 | |a Nobelova cena |
| 610 | 2 | 0 | |a nezamestnanosť |
| 610 | 2 | 0 | |a inflácia |